00207nam a2200085Ia 4500008004100000041000800041100001300049245002700062260003200089231107s1964 xx 000 0 und d aeng aAyn Rand aAny Rand We The Living aLondonbPhaidon pressc1964